Normal view
MARC view
Entry Personal Name
001 - CONTROL NUMBER
- control field: 25499
003 - CONTROL NUMBER IDENTIFIER
- control field: ARRUPE
005 - DATE AND TIME OF LATEST TRANSACTION
- control field: 20160824154632.0
008 - FIXED-LENGTH DATA ELEMENTS
- fixed length control field: 160824|| aca||aabn | a|a d
040 ## - CATALOGING SOURCE
- Original cataloging agency: ARRUPE
- Transcribing agency: ARRUPE
100 ## - HEADING--PERSONAL NAME
- Personal name: Häring, Bernhard,
- Dates associated with a name: 1912-
- General subdivision: Health.
670 ## - SOURCE DATA FOUND
- Source citation: Work cat.: (ARRUPE)0: Häring, Bernhard, 1912- 25498, I have seen your tears :, c1995.